Vývoj výkonnosti slovenských podnikov
Analyzovaný súbor podnikov. Vývoj polohy prvého ziskového podniku v súbore. Vývoj vybraných pomerových finančných ukazovateľov. Externé a interné činitele ROE (rentabilita vlastného kapitálu).
Saved in:
| Main Author: | |
|---|---|
| Format: | Book Chapter |
| Language: | Slovak |
| Subjects: | |
| Tags: |
No Tags, Be the first to tag this record!
|
MARC
| LEADER | 00000naa$a2200000$$$4500 | ||
|---|---|---|---|
| 001 | 0037949 | ||
| 005 | 20240502071457.3 | ||
| 041 | 0 | |a slo | |
| 044 | |a SK | ||
| 245 | 1 | 0 | |a Vývoj výkonnosti slovenských podnikov |c Karol Zalai |
| 520 | |a Analyzovaný súbor podnikov. Vývoj polohy prvého ziskového podniku v súbore. Vývoj vybraných pomerových finančných ukazovateľov. Externé a interné činitele ROE (rentabilita vlastného kapitálu). | ||
| 610 | 2 | 0 | |a podnik |
| 610 | 2 | 0 | |a výkonnosť |
| 610 | 2 | 0 | |a výkony podnikové |
| 610 | 2 | 0 | |a analýzy |
| 610 | 2 | 0 | |a zisk |
| 610 | 2 | 0 | |a ukazovatele finančné |
| 610 | 2 | 0 | |a kapitál vlastný |
| 610 | 2 | 0 | |a rentabilita |
| 610 | 2 | 0 | |a Slovensko |
| 100 | 1 | |a Zalai, Karol | |